000 00367pab a2200145 454500
008 180718b1983 xxu||||| |||| 00| 0 eng d
100 _aDubhashi, P.R.
245 _aLocation of projects
_bNeed for objective decision - making
260 _c1983
300 _a5
362 _a19 Jan.
650 _aProject Management
773 _aFinancial Express
909 _a16203
999 _c16203
_d16203